Rudest Countries - Statistics

General Stats
  • This quiz has been taken 297 times
  • The average score is 6 of 10
Answer Stats
# Country % Correct
4 United States
95%
1 France
90%
2 United Kingdom
89%
3 Germany
82%
7 Austria
46%
8 Greece
40%
9 Sweden
37%
6 Switzerland
37%
5 Egypt
25%
10 Argentina
20%
No matching quizzes found
Score Distribution
Percent of People with Each Score
Percentile by Number Answered
Your Score History
You have not taken this quiz